<?xml version="1.0" encoding="UTF-8"?>
<collection xmlns="http://www.loc.gov/MARC21/slim">
  <record>
    <leader>00000nam  2200000   4500</leader>
    <controlfield tag="001">INLIS000000000006119</controlfield>
    <controlfield tag="005">20191114095903</controlfield>
    <datafield tag="035" ind1="#" ind2="#">
      <subfield code="a">0010-1119000078</subfield>
    </datafield>
    <controlfield tag="007">ta</controlfield>
    <controlfield tag="008">191114################g##########0#ind##</controlfield>
    <datafield tag="020" ind1="#" ind2="#">
      <subfield code="a">9798034295</subfield>
    </datafield>
    <datafield tag="082" ind1="#" ind2="#">
      <subfield code="a">301</subfield>
    </datafield>
    <datafield tag="084" ind1="#" ind2="#">
      <subfield code="a">301 Gid k</subfield>
    </datafield>
    <datafield tag="100" ind1=" " ind2="#">
      <subfield code="a">Giddens, Anthony</subfield>
    </datafield>
    <datafield tag="245" ind1="1" ind2="#">
      <subfield code="a">Kapitalisme dan Teori Sosial Modern: Suatu analisis karya-tulis Marx, Durkheim dan Max Weber /</subfield>
      <subfield code="c">Anthony Giddens</subfield>
    </datafield>
    <datafield tag="250" ind1="#" ind2="#">
      <subfield code="a">Ed.1</subfield>
    </datafield>
    <datafield tag="260" ind1="#" ind2="#">
      <subfield code="a">Jakarta :</subfield>
      <subfield code="b">UI Press,</subfield>
      <subfield code="c">1986</subfield>
    </datafield>
    <datafield tag="300" ind1="#" ind2="#">
      <subfield code="a">xxii, 320 hlm, ;</subfield>
      <subfield code="c">23 cm</subfield>
    </datafield>
    <datafield tag="650" ind1="#" ind2="#">
      <subfield code="a">Sosiologi-Metode perbandingam, kapitalisme</subfield>
    </datafield>
    <datafield tag="520" ind1="#" ind2="#">
      <subfield code="a">Buku ini menyajikan suatu analisis baru tentang karya-tulis dari tiga penulis yang paling besar sumbangannya terhadap pembentukan suatu kerangka kerja dasar sosiologi kentemporer. Studi-studi yang dilakukan belakangan ini telah memperkaya beberapa aspek penting dari pemikiran-pemikiran Marx, Durkheim dan Weber, tertapi sebaliknya juga telah menimbulkan berbagai macam penafsiran yang berbeda.Salah satu tujuan pokok dari buku ini adalah untuk menghapus kesimpangsiuran dan kesalahpahaman yang telah timbul. Tiga bagian awal dari buku ini- yang pada dasarnya merupakan pemeriksaan yang teliti terhadap naskah asli- berisi pembahasan yang terpisah mengenai setiap penulis. Tuan Giddens secara khusus menitikberatkan perhatiannya pada usaha untuyk membuktikan adanya kaitan yang erat sumbangan-sumbangan pemikiran ketiga penulis tersebut dengan teori sosial. bagian penutup dari buku ini membahas cara-cara utama tentang bagaimana titik tolak pemikiran Marx dapat diperbandingkan dan dipertentangkan dengan kedua penulis lainnya, sehingga mengungkapkan bahwa beberapa pandangan konvensional tentang masalah ini sebenarnya telah salah ditafsir. Buku ini tidak bermaksud mencakup semua permasalahan yang terdapat di dalam perdebatan masa kini antara 'Marxisme' dengan 'Sosiologi akademik', akan tetapi merupakan usaha penting pertama dalam sosioloi untuk menjelaskan perbedaan-perbedaan intelektual yang menggarisbawahi kedua tradisi luas ini.</subfield>
    </datafield>
    <datafield tag="856" ind1="#" ind2="#">
      <subfield code="a">Perpustakaan Lembaga Administrasi Negara</subfield>
    </datafield>
    <datafield tag="990" ind1="#" ind2="#">
      <subfield code="a">04108670</subfield>
    </datafield>
    <datafield tag="990" ind1="#" ind2="#">
      <subfield code="a">04108669</subfield>
    </datafield>
  </record>
</collection>
